000 00973nam a2200241Ia 4500
008 0000002014 usad 0000000000eng00
020 _a9780897974608
090 _aPTU00 K87a
100 1 _aKuspit, Donald
245 1 0 _aAhmet Gunestekin
_b: recent paintings
_c/ texts by Donald Kuspit
300 _a35 p.
_c/ 25 cm.
500 _aExposición realizada en Marlborough Gallery de Nueva York entre el 26 de noviembre de 2013 y enero 4 de 2014 \ Incluye datos biográficos y cronología artística \ Texto en inglés
501 _aTeXto: The uses of mysticism: Ahmet Gunestekin's abstractions
600 0 0 _a GUNESTEKIN, AHMET, 1966/
_xTRABAJOS PICTORICOS
650 1 4 _aARTE CINETICO
650 1 4 _aARTE CONTEMPORANEO TURCO
650 1 4 _xCATALOGOS
650 1 4 _xEXPOSICIONES
650 1 4 _aPINTORES TURCOS
650 1 4 _aPINTURA TURCA
999 _c15632
_d15632
260 _aNew York : Marlborough
_c2014